| АИС "Историко-культурное наследие Беларуси" | ||
| Базовый | Расширенный | Профессиональный | Словарь персоналий | Тематический словарь | По видам объектов | История запросов Заказы | Регистрация | |
Запись в MARC-формате
| копировать MARC-запись |
=LDR 00000nx\\c2200193\\\45\\
=001 BY-NLB-ar2931467
=005 20160330095631.6
=100 \\$a20081204arusy50\\\\\\ca0
=152 \\$apsbo
=160 \\$ae-bw
=215 \\$aЦерковь во имя святителя Николая Чудотворца (Смоляница, деревня; Пружанский район)
=300 1\$aПамятник архитектуры ретроспективно-русского стиля. Построена в 1903 г.
=356 \\$aНаходится на северо-западной окраине деревни Смоляница Пружанского района Брестской области.
=415 \\$aСвято-Николаевская церковь (Смоляница, деревня; Пружанский район)
=515 \\$5w$3BY-NLB-ar2931454$aЦарква ў імя свяціцеля Мікалая Цудатворца (Смаляніца, вёска; Пружанскі раён)
=801 \0$aBY$bBY-HM0000$c20081204
=810 \\$aПраваслаўныя храмы Беларусі : энцыклапедычны даведнік / А. М. Кулагін. — Мінск, 2007.
=810 \\$aПраваслаўныя храмы на Беларусі : энцыклапедычны даведнік / А. М. Кулагін. — Мінск, 2001.
=999 \\$f2786$t20081204
Чтобы вернуться назад, щелкните кнопку BACK на Вашем браузере